Normal view
MARC view
- Supervisor Dr. SAJID ULLAH BUT
Entry Personal Name
001 - CONTROL NUMBER
- control field: 70000
003 - CONTROL NUMBER IDENTIFIER
- control field: NUST
005 - DATE AND TIME OF LATEST TRANSACTION
- control field: 20210628204339.0
008 - FIXED-LENGTH DATA ELEMENTS
- fixed length control field: 210628|| aca||aabn | a|a d
040 ## - CATALOGING SOURCE
- Original cataloging agency: NUST
- Transcribing agency: NUST
100 ## - HEADING--PERSONAL NAME
- Personal name: Supervisor Dr. SAJID ULLAH BUT
670 ## - SOURCE DATA FOUND
- Source citation: Work cat.: (NUST): MAMOONA ARSHAD 69998, TH-SOF-1379- OPTIMAZATION OF LOCATORS PLACEMENT FOR MINIMUM WORKPIECE POSITIONING ERROR, 2017
